French Theory : Foucault, Derrida, Deleuze y cie et las mutations de la vie intellectuelle aux Etats-Unis /

Furkejuvvon:
Bibliográfalaš dieđut
Váldodahkki: Cusset, François (autor)
Materiálatiipa: Girji
Giella:fránskkagiella
Almmustuhtton: París, Francia : La Découverte, 2003, c2003
Fáttát:
Fáddágilkorat: Lasit fáddágilkoriid
Eai fáddágilkorat, Lasit vuosttaš fáddágilkora!

MARC

LEADER 00000nam^a2200000^a^4500
001 000175086
005 20250521000000.0
009 20260310101550.899
020 |a 2-7071-3744-8 
037 |a Acervo ITESO - Biblioteca 
041 |a FRA 
082 |a 149. 96  |b CUS 
100 |a Cusset, François  |e (autor) 
245 1 0 |a French Theory :  |b Foucault, Derrida, Deleuze y cie et las mutations de la vie intellectuelle aux Etats-Unis /  |c F. Cusset. 
264 4 |a París, Francia :  |b La Découverte,  |c 2003, c2003 
300 |a 367 p. 
336 |a texto  |b txt  |2 rdacontenido 
337 |a sin mediación  |b n  |2 rdamedio 
338 |a volumen  |b nc  |2 rdasoporte 
649 |a XX 
650 |a Filósofos Franceses 
650 |a Intelectuales Franceses 
650 |a Relaciones Interculturales -  |z EUA-Francia -  |x Historia 
650 |a Cambios Sociales y Culturales -  |z EUA 
650 |a Educación Superior -  |z EUA -  |x Historia -  |y Siglo XX 
650 |a Prácticas Académicas de las Ciencias Sociales -  |z EUA -  |x Historia 
650 |a Ciencias Sociales -  |z EUA -  |x Estudio y Enseñanza 
650 |a Ciencias Sociales -  |z EUA -  |x Historia -  |y Siglo XX 
650 |a Ciencias Sociales -  |z Francia -  |x Historia -  |y Quinta República, 1958 en Adelante 
650 |a Ciencias Sociales -  |z Francia -  |x Historia -  |y Siglo XX 
650 |a Ciencias Sociales -  |x Teoría 
650 |a Ciencias Sociales -  |x Filosofía 
650 |a Postestructuralismo -  |z Francia -  |x Historia y Crítica 
650 |a Postestructuralismo -  |x Historia y Crítica 
650 |a Filosofía Francesa -  |x Historia y Crítica 
650 |a Filosofía del Siglo XX -  |x Historia y Crítica 
910 |a Fondo General 
920 |a Impresos - Libros 
930 |a Colección General 
905 |a 101 
901 |a 0500113225  |b IT1  |c ACC  |u 20250521 
902 |a https://opac.biblio.iteso.mx/vufind/Record/000175086